00000000nam 2200000zi 4500
0019.921953
003CaOODSP
00520230425150236
006m     o  d f      
007cr |n|||||||||
008230425t20232023oncd    ob   f|0| 0 eng d
040 |aCaOODSP|beng|erda|cCaOODSP
041 |aeng|beng|bfre
043 |an-cn---
0861 |aFB3-5/2023-14E-PDF
1001 |aChiu, Jonathan, |eauthor.
24510|aOn the fragility of DeFi lending / |cby Jonathan Chiu, Emre Ozdenoren, Kathy Yuan andShengxing Zhang.
264 1|a[Ottawa] : |bBank of Canada = Banque du Canada, |c2023.
264 4|c©2023
300 |a1 online resource (40 pages) : |bcharts.
336 |atext|btxt|2rdacontent
337 |acomputer|bc|2rdamedia
338 |aonline resource|bcr|2rdacarrier
4901 |aStaff working paper = Document de travail du personnel, |x1701-9397 ; |v2023-14
500 |a"Last updated: February 22, 2023."
504 |aIncludes bibliographical references (pages 27-29).
520 |a"We develop a dynamic model of decentralized finance (DeFi) lending that incorporates two/these key features: 1) borrowing and lending are decentralized, anonymous, overcollateralized and backed by the market value of crypto assets where contract terms are pre-specified and rigid; and 2) information friction exists between borrowers and lenders. We identify a price-liquidity feedback: the market outcome in any given period depends on agents’ expectations about lending activities in future periods, with higher price expectations leading to more lending and higher prices in that period"--Abstract.
546 |aIncludes abstract in French.
650 0|aDigital currency.
650 0|aLoans.
650 6|aMonnaie électronique.
650 6|aPrêts.
7102 |aBank of Canada, |eissuing body.
830#0|aStaff working paper (Bank of Canada)|v2023-14.|w(CaOODSP)9.806221
85640|qPDF|s894 KB|uhttps://publications.gc.ca/collections/collection_2023/banque-bank-canada/FB3-5-2023-14-eng.pdf